| 000 | 00881nam a22002417a 4500 | ||
|---|---|---|---|
| 999 |
_c1680 _d1680 |
||
| 003 | AR-CdUCM | ||
| 008 | 190227b ||||| |||| 00| 0 spa d | ||
| 040 |
_aMUNICIPALIDAD PROVINCIAL DEL CUSCO _cBIBLIOTECA MUNICIPAL DEL CUSCO |
||
| 082 |
_a869.56 / _bC31 |
||
| 100 |
_aCarrion, Benjamin _96235 |
||
| 245 |
_aCartas al Ecuador: _bUna visión actual de la literatura de siempre / |
||
| 260 |
_aEcuador; _bAriel |
||
| 300 |
_a205 páginas ; _c18cm. |
||
| 440 |
_aColección Ariel Universal _96236 |
||
| 505 | _aPocas palabras - El secretismo - Sobre el clima nacional - Sobre el clima humano nacional - Sobre una posibilidad democrática en nuestro país... | ||
| 650 |
_aPolítica. _9291 |
||
| 650 |
_aGonzales Prada. _9268 |
||
| 650 |
_aLiteratura. _983 |
||
| 650 |
_aHistoria. _9136 |
||
| 650 |
_aCiencias Sociales. _91096 |
||
| 942 |
_2ddc _cLIBROS |
||
| 945 |
_admma _d2019-02-27 |
||